<?xml version="1.0" encoding="UTF-8"?>
<record
    xmlns:xsi="http://www.w3.org/2001/XMLSchema-instance"
    xsi:schemaLocation="http://www.loc.gov/MARC21/slim http://www.loc.gov/standards/marcxml/schema/MARC21slim.xsd"
    xmlns="http://www.loc.gov/MARC21/slim">

  <leader>00735nam a22002537a 4500</leader>
  <controlfield tag="005">20170123162338.0</controlfield>
  <datafield tag="010" ind1=" " ind2=" ">
    <subfield code="a">B-070039</subfield>
  </datafield>
  <datafield tag="020" ind1=" " ind2=" ">
    <subfield code="c">80.00</subfield>
  </datafield>
  <datafield tag="035" ind1=" " ind2=" ">
    <subfield code="a">B-070039</subfield>
  </datafield>
  <datafield tag="037" ind1=" " ind2=" ">
    <subfield code="b">Cen Lib/Ret</subfield>
  </datafield>
  <datafield tag="040" ind1=" " ind2=" ">
    <subfield code="b">UR</subfield>
    <subfield code="a">DPL</subfield>
  </datafield>
  <datafield tag="082" ind1=" " ind2=" ">
    <subfield code="a">842</subfield>
    <subfield code="b">&#x645; &#x62D; &#x645; </subfield>
  </datafield>
  <datafield tag="100" ind1=" " ind2=" ">
    <subfield code="a">&#x645;&#x648;&#x62D;&#x645;&#x62F; &#x62D;&#x633;&#x646; </subfield>
    <subfield code="9">125403</subfield>
  </datafield>
  <datafield tag="245" ind1=" " ind2=" ">
    <subfield code="a">&#x646;&#x6D2; &#x688;&#x631;&#x627;&#x645;&#x6D2; /</subfield>
    <subfield code="c">&#x645;&#x648;&#x62D;&#x645;&#x62F; &#x62D;&#x633;&#x646; </subfield>
  </datafield>
  <datafield tag="246" ind1=" " ind2=" ">
    <subfield code="a">Naye drame /</subfield>
    <subfield code="b">by Mohammad Hasan </subfield>
  </datafield>
  <datafield tag="260" ind1=" " ind2=" ">
    <subfield code="b">&#x645;&#x642;&#x62A;&#x628;&#x6C1; &#x645;&#x62D;&#x628;&#x627;&#x628; &#x627;&#x631;&#x62F;&#x648; </subfield>
    <subfield code="c">2003</subfield>
    <subfield code="a">&#x62F;&#x6C1;&#x644;&#x6CC; </subfield>
  </datafield>
  <datafield tag="270" ind1=" " ind2=" ">
    <subfield code="b">&#x62F;&#x6C1;&#x644;&#x6CC; </subfield>
  </datafield>
  <datafield tag="300" ind1=" " ind2=" ">
    <subfield code="a">120p</subfield>
    <subfield code="c">21cm(Hb)</subfield>
  </datafield>
  <datafield tag="650" ind1=" " ind2=" ">
    <subfield code="a">&#x627;&#x62F;&#x628; -- &#x627;&#x631;&#x62F;&#x648; </subfield>
    <subfield code="9">125404</subfield>
  </datafield>
  <datafield tag="650" ind1=" " ind2=" ">
    <subfield code="a">&#x627;&#x631;&#x62F;&#x648; &#x688;&#x631;&#x627;&#x645;&#x6D2;  </subfield>
    <subfield code="9">125405</subfield>
  </datafield>
  <datafield tag="650" ind1=" " ind2=" ">
    <subfield code="a">Urdu literature</subfield>
    <subfield code="9">125406</subfield>
  </datafield>
  <datafield tag="650" ind1=" " ind2=" ">
    <subfield code="a">urdu drame</subfield>
    <subfield code="9">125407</subfield>
  </datafield>
  <datafield tag="942" ind1=" " ind2=" ">
    <subfield code="2">ddc</subfield>
    <subfield code="c">UR</subfield>
    <subfield code="h">842</subfield>
    <subfield code="m">&#x645; &#x62D; &#x645; </subfield>
  </datafield>
  <datafield tag="999" ind1=" " ind2=" ">
    <subfield code="c">108312</subfield>
    <subfield code="d">108312</subfield>
  </datafield>
  <datafield tag="952" ind1=" " ind2=" ">
    <subfield code="0">0</subfield>
    <subfield code="1">0</subfield>
    <subfield code="4">0</subfield>
    <subfield code="7">0</subfield>
    <subfield code="a">L</subfield>
    <subfield code="b">L</subfield>
    <subfield code="d">2016-01-18</subfield>
    <subfield code="e">Cen Lib/Ret</subfield>
    <subfield code="g">80.00</subfield>
    <subfield code="l">1</subfield>
    <subfield code="o">842 &#x645; &#x62D; &#x645;</subfield>
    <subfield code="p">B-070039</subfield>
    <subfield code="r">2021-05-05 00:00:00</subfield>
    <subfield code="s">2021-03-23</subfield>
    <subfield code="t">1</subfield>
    <subfield code="v">80.00</subfield>
    <subfield code="w">2016-01-18</subfield>
    <subfield code="y">UR</subfield>
  </datafield>
</record>
